[Event "Wuerttemberg-ch Seniors 12th"]
[Site "Ellwangen"]
[Date "2000.??.??"]
[Round "8"]
[White "Kunath, Werner"]
[Black "Schmidt, Hans Erwin"]
[Result "1-0"]
[WhiteElo "1990"]
[BlackElo "1764"]
[PlyCount "69"]
[EventDate "2000.04.??"]
[EventType "swiss"]
[EventRounds "9"]
[EventCountry "GER"]
[SourceTitle "EXT 2006"]
[Source "ChessBase"]
[SourceDate "2005.11.24"]
[SourceVersion "1"]
[SourceVersionDate "2005.11.24"]
[SourceQuality "1"]

1. d4 d5 2. c4 dxc4 3. Nf3 Bf5 4. Nc3 Nf6 5. e3 e6 6. Bxc4 c6 7. 0-0 Nbd7 8. Qe2 Nb6 9. Bb3 Ne4 10. Bd2 Bd6 11. Nxe4 Bxe4 12. Ba5 Qf6 13. Nd2 Qh6 14. f4 Bg6 15. Nf3 Bh5 16. Bd2 0-0 17. Qf2 Bxf3 18. Qxf3 c5 19. dxc5 Bxc5 20. Rac1 Rfd8 21. Ba5 Be7 22. Qxb7 Rd7 23. Qc6 Rd6 24. Qe4 Nd5 25. Rfd1 Ra6 26. Bxd5 exd5 27. Qxe7 Re6 28. Qc5 Rae8 29. Rxd5 Qh4 30. Re5 Qf6 31. Rxe6 Qxe6 32. f5 Qe4 33. f6 gxf6 34. Bc3 Kg7 35. Qg5+ 1-0

[Event "Wuerttemberg-ch Seniors 12th"]
[Site "Ellwangen"]
[Date "2000.??.??"]
[Round "1"]
[White "Schmidt, Hans Erwin"]
[Black "Boeven, Manfred"]
[Result "0-1"]
[WhiteElo "1764"]
[BlackElo "2095"]
[PlyCount "68"]
[EventDate "2000.04.??"]
[EventType "swiss"]
[EventRounds "9"]
[EventCountry "GER"]
[SourceTitle "EXT 2006"]
[Source "ChessBase"]
[SourceDate "2005.11.24"]
[SourceVersion "1"]
[SourceVersionDate "2005.11.24"]
[SourceQuality "1"]

1. c4 e5 2. Nc3 Nf6 3. g3 c6 4. d3 Bb4 5. a3 Bxc3+ 6. bxc3 0-0 7. Bg2 Re8 8. e4 d5 9. cxd5 cxd5 10. exd5 Nxd5 11. Ne2 Bg4 12. Qb3 Nb6 13. c4 Nc6 14. Bxc6 bxc6 15. Be3 Qf6 16. Ra2 Rab8 17. Qc2 Red8 18. f4 Rb7 19. 0-0 Bxe2 20. Qxe2 exf4 21. Rxf4 Qc3 22. Bd4 Qa5 23. Rg4 g6 24. Qe3 Nxc4 25. dxc4 Qf5 26. Qe2 c5 27. Ba1 Re7 28. Qf2 Qxg4 29. Qf6 Rd1+ 30. Kg2 Re2+ 31. Rxe2 Qxe2+ 32. Kh3 Qh5+ 33. Kg2 Rd2+ 34. Kf1 Qe2+ 0-1